| 000 | 00692nam a2200169 i 4500 | ||
|---|---|---|---|
| 001 | 165496 | ||
| 003 | ES-MaACL | ||
| 005 | 20230906213141.0 | ||
| 008 | 051003s1874 sp | |||||||| ||spa d | ||
| 040 |
_aCAM _bspa _cCAM |
||
| 110 | 2 |
_aSociedad Odontológica del Colegio Español de Dentistas de Madrid. _9134901 |
|
| 245 | 1 | 0 | _aSociedad Odontológica del Colegio Español de Dentistas de Madrid. |
| 260 |
_aMadrid : _b[s.n.], _c1874 ( _fImprenta de Diego Valero) |
||
| 300 |
_a16 p. ; _c23 cm. |
||
| 610 | 2 | 4 |
_aSociedad Odontológica del Colegio Español de Dentistas de Madrid- _xReglas, constituciones, etc. _9134902 |
| 852 |
_aES-MaACL _jT-378-F-18 _z-- Enc. hol., falto de la enc. original |
||
| 999 |
_c165496 _d165496 |
||